Visualizzazione normale
Vista MARC
di Personal Name
Records bibliografici associati: 1
001 - CONTROL NUMBER
- control field: 36161
003 - CONTROL NUMBER IDENTIFIER
- control field: IT-RoPau
005 - DATE AND TIME OF LATEST TRANSACTION
- control field: 20151009224427.0
008 - FIXED-LENGTH DATA ELEMENTS
- fixed length control field: 151009|| aca||aabn | a|a d
040 ## - CATALOGING SOURCE
- Original cataloging agency: IT-RoPau
- Transcribing agency: IT-RoPau
100 ## - HEADING--PERSONAL NAME
- Personal name:
- Dates associated with a name: del XIV secolo
670 ## - SOURCE DATA FOUND
- Source citation: Work cat.: (IT-RoPau)34392: Anonimo inglese 36160, Nube (la) della non conoscenza e gli altri scritti. Trad. di G. Brivio. introd. e note di A. Gentili